04773 2202341 4500001002100000005001500021035002000036008004100056245004200097100002400139250000600163260003200169300001200201020002200213084001400235082000800249650001400257990001200271990001200283990001200295990001200307990001200319990001200331990001200343990001200355990001200367990001200379990001200391990001200403990001200415990001200427990001200439990001200451990001200463990001200475990001200487990001200499990001200511990001200523990001200535990001200547990001200559990001200571990001200583990001200595990001200607990001200619990001200631990001200643990001200655990001200667990001200679990001200691990001200703990001200715990001200727990001200739990001200751990001200763990001200775990001200787990001200799990001200811990001200823990001200835990001200847990001200859990001200871990001200883990001200895990001200907990001200919990001200931990001200943990001200955990001200967990001200979990001200991990001201003990001201015990001201027990001201039990001201051990001201063990001201075990001201087990001201099990001201111990001201123990001201135990001201147990001201159990001201171990001201183990001201195990001201207990001201219990001201231990001201243990001201255990001201267990001201279990001201291990001201303990001201315990001201327990001201339990001201351990001201363990001201375990001201387990001201399990001201411990001201423990001201435990001201447990001201459990001201471990001201483990001201495990001201507990001201519990001201531990001201543990001201555990001201567990001201579990001201591990001201603990001201615990001201627990001201639990001201651990001201663990001201675990001201687990001201699990001201711990001201723990001201735990001201747990001201759990001201771990001201783990001201795990001201807990001201819990001201831990001201843990001201855990001201867990001201879990001201891990001201903990001201915990001201927990001201939990001201951990001201963990001201975990001201987990001201999990001202011990001202023990001202035990001202047990001202059990001202071990001202083990001202095990001202107990001202119990001202131990001202143990001202155990001202167990001202179990001202191990001202203990001202215990001202227990001202239990001202251990001202263990001202275990001202287990001202299990001202311990001202323990001202335990001202347990001202359990001202371990001202383990001202395990001202407990001202419INLIS00000000000137520240626094708 a0010-0624000007240626 0 ind 1 aFisika Kelas XI /cMarianna Magdalena aMagdalena, Marianna a1 aJakarta :bKEMDIKBUD,c2022 a226 hlm a978-623-472-720-3 a530 MAR f a530 4aNon Fiksi a0749497 a0749498 a0749499 a0749500 a0749501 a0749502 a0749503 a0749504 a0749505 a0749506 a0749507 a0749508 a0749509 a0749510 a0749511 a0749512 a0749513 a0749514 a0749515 a0749516 a0749517 a0749518 a0749519 a0749520 a0749521 a0749522 a0749523 a0749524 a0749525 a0749526 a0749527 a0749528 a0749529 a0749530 a0749531 a0749532 a0749533 a0749534 a0749535 a0749536 a0749537 a0749538 a0749539 a0749540 a0749541 a0749542 a0749543 a0749544 a0749545 a0749546 a0749547 a0749548 a0749549 a0749550 a0749551 a0749552 a0749553 a0749554 a0749555 a0749556 a0749557 a0749558 a0749559 a0749560 a0749561 a0749562 a0749563 a0749564 a0749565 a0749566 a0749567 a0749568 a0749569 a0749570 a0749571 a0749572 a0749573 a0749574 a0749575 a0749576 a0749577 a0749578 a0749579 a0749580 a0749581 a0749582 a0749583 a0749584 a0749585 a0749586 a0749587 a0749588 a0749589 a0749590 a0749591 a0749592 a0749593 a0749594 a0749595 a0749596 a0749597 a0749598 a0749599 a0749600 a0749601 a0749602 a0749603 a0749604 a0749605 a0749606 a0749607 a0749608 a0749609 a0749610 a0749611 a0749612 a0749613 a0749614 a0749615 a0749616 a0749617 a0749618 a0749619 a0749620 a0749621 a0749622 a0749623 a0749624 a0749625 a0749626 a0749627 a0749628 a0749629 a0749630 a0749631 a0749632 a0749633 a0749634 a0749635 a0749636 a0749637 a0749638 a0749639 a0749640 a0749641 a0749642 a0749643 a0749644 a0749645 a0749646 a0749647 a0749648 a0749649 a0749650 a0749651 a0749652 a0749653 a0749654 a0749655 a0749656 a0749657 a0749658 a0749659 a0749660 a0749661 a0749662 a0749663 a0749664 a0749665 a0749666 a0749667 a0749668 a0749669 a0749670 a0749671 a0749672 a0749673 a0749674 a0749675 a0749676